10 Smallest Capital Cities in Asia - Statistics

General Stats
  • This quiz has been taken 253 times
  • The average score is 7 of 10
Answer Stats
Population Small capital city % Correct
59,069 Dili
87%
103,693 Malé
82%
101,259 Thimphu
82%
28,135 Bandar Seri Begawan
77%
140,616 Manama
74%
287,579 Vientiane
57%
354,893 Nicosia (North and South combined)
56%
582,496 Dushanbe
53%
115,826 Sri Jayawardenepura Kotte
51%
585,097 Abu Dhabi
33%
No matching quizzes found
Score Distribution
Percent of People with Each Score
Percentile by Number Answered
Your Score History
You have not taken this quiz